Statistics for Most Common Female Names (2021)(USA)

Click here to take the quiz!

General Stats

  • This quiz has been taken 14 times
  • The average score is 6 of 10

Answer Stats

HintFemale% Correct
1Olivia
92%
2Emma
85%
5Sophia
77%
10Ella
62%
3Amelia
54%
4Ava
54%
7Isabella
54%
8Mia
54%
6Charlotte
46%
9Luna
15%

Score Distribution

Percentile by Number Answered

Percent of People with Each Score

Your Score History

You have not taken this quiz